Rubén Darío en las artes plásticas

Bibliographic Details
Main Author: Gámez Montenegro, Bayardo
Format: Section = Libro
Language:Undetermined
Spanish
Published: Managua [s.e.] 2016
Subjects:
LEADER 00468nam a2200181Ia 4500
008 240830s9999 xx 000 0 und d
040 |a B-ESTELÍ- RUACS / 700 G192 
041 |a spa 
082 |a 700 G192 
100 1 |a Gámez Montenegro, Bayardo 
245 1 0 |a Rubén Darío en las artes plásticas 
260 |a Managua  |b [s.e.]  |c 2016 
300 |a 104 p. 
650 7 |a ARTES PLASTICAS 
650 7 |b  RUBEN DARIO - ARTES 
942 |c BK  |2 ddc 
991 |a TEXTO 
999 |c 11605